|
|
|
|
| LEADER |
00000cam a2200000 7i4500 |
| 001 |
0000004808 |
| 002 |
000005183 |
| 005 |
20000330.0 |
| 020 |
|
|
|a 9836203451
|
| 090 |
0 |
0 |
|a 305.90816
|b HAS
|
| 100 |
0 |
|
|a Hasnah Udin ,
|e Hajah
|
| 245 |
1 |
0 |
|a Bimbingan Kanak-kanak luar biasa
|c Hajah Hasnah Udin
|
| 260 |
|
|
|a Kuala Lumpur :
|b DBP ,
|c 1988
|
| 300 |
|
|
|a 108p. ;
|c 20cm.
|
| 650 |
0 |
0 |
|a Handicapped children
|x Handicapped children
|x Care
|
| 999 |
|
|
|a 035462
|b BUKU
|c PINJAMAN
|e PERPUSTAKAAN KOMUNITI PETALING JAYA
|
| 999 |
|
|
|a 054563
|b BUKU
|c PINJAMAN
|e PERPUSTAKAAN KOMUNITI PETALING JAYA
|
| 999 |
|
|
|a 054564
|b BUKU
|c PINJAMAN
|e PERPUSTAKAAN KOMUNITI PETALING JAYA
|